000 00425nam a2200181Ia 4500
001 836
005 20260306140547.0
008 260306t1996||||xx |||||||||||||| ||spa||
041 _aESP
082 _a170
_bR35
100 _aRegal Alberti, Bernardo
_eAUT
245 0 _aÉtica general:
_bguía del curso
260 _c1996
300 _a162 páginas :
_c24 cm.
650 _aGEN
654 _aCHU
942 _cLIB
_dJUS
_fJUS
_2ddc
_n
999 _c836
_d836